| 000 | 00546nam a2200193Ia 4500 | ||
|---|---|---|---|
| 003 | OSt | ||
| 005 | 20250314170200.0 | ||
| 008 | 231217s9999 xx 000 0 und d | ||
| 020 | _a9788178080468 | ||
| 040 | _c0 | ||
| 041 | _aEnglish | ||
| 082 | _a001.6425 AHO;76 | ||
| 100 | _aAho, Alfred V. Lam, Monica S. Sethi, Ravi ...[et al.] | ||
| 245 | 0 | _aCompilers : principles, techniques and tools | |
| 260 |
_c1986 _bPearson education _aNew Delhi |
||
| 300 | _ax, 796 | ||
| 650 | _aCompilers,principles,,techniques,tools | ||
| 942 |
_cAA _2ddc |
||
| 999 |
_c196049 _d196049 |
||